| 000 | 00423 a2200169 4500 | ||
|---|---|---|---|
| 003 | Nust | ||
| 005 | 20230125154054.0 | ||
| 040 | _cNust | ||
| 082 | _a808.83,SEI | ||
| 100 |
_aSeifert, Elizabeth, _9107668 |
||
| 245 |
_aA certain Doctor French / _cElizabeth Seifert, |
||
| 260 |
_aNew York, _bAeonian Press, _c[c1943] |
||
| 300 | _a191 p | ||
| 538 | _aAlmirah No.58 Shelf No.2 | ||
| 650 |
_aNovel _92525 |
||
| 942 |
_2ddc _cBK |
||
| 999 |
_c191004 _d191004 |
||